Sports Quiz

Random Sports or Basketball Quiz

Last Player With 25 Rebounds By Franchise Quiz Stats

Quiz not verified by Sporcle

Challenge
Share
Tweet
Embed
Score 0/28 Timer 06:00
0 Plays Today
Team Player % Correct
San Antonio SpursTim Duncan
92.3%
Los Angeles LakersShaquille O'Neal
91.3%
Orlando MagicDwight Howard
90.8%
Minnesota TimberwolvesKevin Love
88.8%
Chicago BullsBen Wallace
87.9%
Detroit PistonsBen Wallace
87.9%
Memphis GrizzliesZach Randolph
80.7%
Milwaukee BucksAndrew Bogut
80.3%
New York KnicksPatrick Ewing
80.3%
Sacramento KingsChris Webber
79.9%
Houston RocketsCharles Barkley
78%
Philadelphia 76ersCharles Barkley
78%
Phoenix SunsCharles Barkley
78%
Boston CelticsRobert Parish
76.6%
Team Player % Correct
Atlanta HawksDikembe Mutombo
76.6%
Charlotte BobcatsEmeka Okafor
70.1%
Los Angeles ClippersMarcus Camby
61.4%
Dallas MavericksErick Dampier
56.2%
Washington WizardsWes Unseld
48.7%
Golden State WarriorsAndris Biedrins
46.5%
Utah JazzMark Eaton
44.4%
Indiana PacersHerb Williams
31.2%
Denver NuggetsErvin Johnson
28.6%
Oklahoma City ThunderJack Sikma
27.2%
Miami HeatRony Seikaly
25.3%
Portland Trail BlazersJoel Przybilla
21.4%
New Jersey NetsJamie Feick
2.6%
Cleveland CavaliersRick Roberson
0.5%

You're not logged in!

Compare scores with friends on all Sporcle quizzes.
Join for Free
OR
Log In

You Might Also Like...

Show Comments

Extras

Top Quizzes Today


Score Distribution

Your Account Isn't Verified!

In order to create a playlist on Sporcle, you need to verify the email address you used during registration. Go to your Sporcle Settings to finish the process.

Report this User

Report this user for behavior that violates our Community Guidelines.

Details: